[Event "Moscow op-B (Women) 14th"]
[Site "Moscow"]
[Date "2018.02.03"]
[Round "8"]
[White "Alekseenko, Mariya"]
[Black "Shchevyeva, Liubov"]
[Result "0-1"]
[WhiteElo "1791"]
[BlackElo "1936"]
[PlyCount "82"]
[EventDate "2018.01.27"]
[EventType "swiss"]
[EventRounds "9"]
[EventCountry "RUS"]
[SourceTitle "CBM 182 Extra"]
[Source "ChessBase"]
[SourceDate "2018.02.23"]
[SourceVersion "1"]
[SourceVersionDate "2018.02.23"]
[SourceQuality "1"]

1. c4 e5 2. g3 Nf6 3. Bg2 d5 4. cxd5 Nxd5 5. Nc3 Be6 6. Nf3 Nc6 7. d3 f6 8. 0-0 Qd7 9. a3 0-0-0 10. Bd2 g5 11. Nxd5 Bxd5 12. b4 h5 13. Bc3 h4 14. Qa4 hxg3 15. hxg3 Kb8 16. Rfc1 g4 17. Nh4 Bxg2 18. Kxg2 Bh6 19. b5 Nd4 20. Bxd4 exd4 21. Rc5 Bf8 22. Rc4 Qd5+ 23. Kg1 Bh6 24. Qc2 Bg5 25. Rxc7 Bxh4 26. Rc5 Qd6 27. gxh4 Rxh4 28. e4 Qh2+ 29. Kf1 Qh1+ 30. Ke2 Qf3+ 31. Kd2 Qf4+ 32. Ke2 Qf3+ 33. Kd2 Qxf2+ 34. Kc1 Rh1+ 35. Kb2 Qxc2+ 36. Rxc2 Rxa1 37. Kxa1 g3 38. Rg2 Rg8 39. Kb2 Kc7 40. Kc2 Kd6 41. Kd2 Kc5 0-1